Comentarios de D. García de Silva y Figueroa de la embajada que de parte del rey de España Don Felipe III hizo al rey Xa Abas de Persia / (Record no. 181606)
[ view plain ]
| 000 -LEADER | |
|---|---|
| campo de control de longitud fija | 01126nam a2200241 i 4500 |
| 001 - NÚMERO DE CONTROL | |
| campo de control | 181606 |
| 003 - IDENTIFICADOR DE NÚMERO DE CONTROL | |
| campo de control | ES-MaACL |
| 005 - FECHA Y HORA DE LA ÚLTIMA TRANSACCIÓN | |
| campo de control | 20250824085056.0 |
| 008 - DATOS DE LONGITUD FIJA--INFORMACIÓN GENERAL | |
| campo de control de longitud fija | 130222m19031905sp | |||| ||spa d |
| 100 1# - ENTRADA PRINCIPAL--NOMBRE DE PERSONA | |
| Nombre de persona | Silva y Figueroa, García de, |
| Fechas asociadas al nombre | 1550-1624 |
| 9 (RLIN) | 106411 |
| 245 10 - MENCIÓN DEL TÍTULO | |
| Título | Comentarios de D. García de Silva y Figueroa de la embajada que de parte del rey de España Don Felipe III hizo al rey Xa Abas de Persia / |
| Mención de responsabilidad, etc. | los publica la Sociedad de Bibliófilos Españoles. |
| 260 ## - PUBLICACIÓN, DISTRIBUCIÓN, ETC. | |
| Lugar de publicación, distribución, etc. | Madrid : |
| Nombre del editor, distribuidor, etc. | Sociedad de Bibliófilos Españoles, |
| Fecha de publicación, distribución, etc. | 1903-1905 ( |
| Fabricante | Est. Tip. de la "Revista de Arch. Bibl. y Museos"]) |
| 300 ## - DESCRIPCIÓN FÍSICA | |
| Extensión | 2 v. ; |
| Dimensiones | 24 cm. |
| 490 1# - MENCIÓN DE SERIE | |
| Mención de serie | Sociedad de Bibliófilos Españoles ; |
| Designación de volumen o secuencia | 36 |
| 651 #4 - PUNTO DE ACCESO ADICIONAL DE MATERIA--NOMBRE GEOGRÁFICO | |
| Nombre geográfico | España- |
| Subdivisión general | Relaciones- |
| Subdivisión geográfica | Irán. |
| 9 (RLIN) | 174090 |
| 651 #4 - PUNTO DE ACCESO ADICIONAL DE MATERIA--NOMBRE GEOGRÁFICO | |
| Nombre geográfico | Irán- |
| Subdivisión general | Relaciones- |
| Subdivisión geográfica | España. |
| 9 (RLIN) | 174091 |
| 651 #4 - PUNTO DE ACCESO ADICIONAL DE MATERIA--NOMBRE GEOGRÁFICO | |
| Nombre geográfico | Irán- |
| Subdivisión general | Descripción- |
| Subdivisión de forma | Obras anteriores a 1800. |
| 9 (RLIN) | 152345 |
| 651 #4 - PUNTO DE ACCESO ADICIONAL DE MATERIA--NOMBRE GEOGRÁFICO | |
| Nombre geográfico | India- |
| Subdivisión general | Descripción- |
| Subdivisión de forma | Obras anteriores a 1800. |
| 9 (RLIN) | 152346 |
| 710 2# - ENTRADA AGREGADA--NOMBRE DE ENTIDAD CORPORATIVA | |
| Nombre de entidad corporativa o nombre de jurisdicción como elemento de entrada | Sociedad de Bibliófilos Españoles. |
| 9 (RLIN) | 6661 |
| 830 00 - PUNTO DE ACCESO ADICIONAL DE SERIE-TÍTULO UNIFORME | |
| Título uniforme | Sociedad de Bibliófilos Españoles |
| Designación de volumen o secuencia | 36 |
| 9 (RLIN) | 187662 |
| 852 4# - LOCALIZACIÓN | |
| Ubicación | ES-MaACL |
| Número de control de estantería | J-7(36) |
| Estatus retirado | Estado de pérdida | Estado de daño | No para préstamo | Biblioteca de origen | Biblioteca actual | Ubicación en estantería | Fecha de adquisición | Fuente de adquisición | Total de préstamos | Signatura topográfica completa | Código de barras | Visto por última vez | Precio de reemplazo | Tipo de ítem Koha |
|---|---|---|---|---|---|---|---|---|---|---|---|---|---|---|
| Biblioteca del Ateneo de Madrid | Biblioteca del Ateneo de Madrid | Depósito 2 | 22/02/2013 | J-7(36) | 1190850 | 23/02/2023 | 23/02/2023 | Libro impreso |
